LEADER 01451nam 2200373 450 001 996279611903316 005 20230814223532.0 010 $a1-5386-5850-X 035 $a(CKB)4100000005332046 035 $a(WaSeSS)IndRDA00121620 035 $a(EXLCZ)994100000005332046 100 $a20200408d2018 uy 0 101 0 $aeng 135 $aur||||||||||| 181 $ctxt$2rdacontent 182 $cc$2rdamedia 183 $acr$2rdacarrier 200 04$aThe 5th IEEE International Conference on Cyber Security and Cloud Computing, IEEE CSCloud 2018 $ethe 4th IEEE International Conference on Edge Computing and Scalable Cloud, IEEE EdgeCom 2018 : proceedings : 22-24 June 2018, Shanghai, China /$feditor, Meikang Qiu ; sponsoted by IEEE Computer Society 210 1$aLos Alamitos, California :$cIEEE Computer Society,$d2018. 215 $a1 online resource (102 pages) 311 $a1-5386-6449-6 606 $aCloud computing$xSecurity measures$vCongresses 606 $aCyberspace$xSecurity measures$vCongresses 615 0$aCloud computing$xSecurity measures 615 0$aCyberspace$xSecurity measures 676 $a004.6782 702 $aQiu$b Meikang 712 02$aIEEE Computer Society, 801 0$bWaSeSS 801 1$bWaSeSS 906 $aPROCEEDING 912 $a996279611903316 996 $aThe 5th IEEE International Conference on Cyber Security and Cloud Computing, IEEE CSCloud 2018$92526199 997 $aUNISA LEADER 01445oas 2200457 450 001 9910251450003321 005 20180823131447.0 035 $a(CKB)3800000000395526 035 $a(OCoLC)1011686241 035 $a(EXLCZ)993800000000395526 100 $a20171116a20uu9999 ua 101 0 $aeng 135 $aur||||||||||| 181 $ctxt$2rdacontent 182 $cc$2rdamedia 183 $acr$2rdacarrier 200 00$aBear River Migratory Bird Refuge, hunting and fishing regulations /$fU.S. Fish & Wildlife Service 210 1$a[Washington, D.C.] :$cU.S. Fish & Wildlife Service 215 $a1 online resource (sheets) $cmap 606 $aHunting$zUtah$zBear River Migratory Bird Refuge$vPeriodicals 606 $aFishing$zUtah$zBear River Migratory Bird Refuge$vPeriodicals 606 $aFishing$2fast 606 $aHunting$2fast 607 $aBear River Migratory Bird Refuge (Utah)$vPeriodicals 607 $aUtah$2fast 607 $aUtah$zBear River Migratory Bird Refuge$2fast 608 $aOnline resources. 615 0$aHunting 615 0$aFishing 615 7$aFishing. 615 7$aHunting. 712 02$aU.S. Fish and Wildlife Service, 801 0$bGPO 801 1$bGPO 801 2$bGPO 801 2$bMERUC 801 2$bGPO 906 $aDOCUMENT 912 $a9910251450003321 996 $aBear River Migratory Bird Refuge, hunting and fishing regulations$92208827 997 $aUNINA